Die größten Städte pro Bundesland - Buchstabe N - Statistiken

Allgemein
  • Dieses Quiz wurde 251 mal gespielt
  • Das Durchschnittsergebnis liegt bei 12 aus 39
Antwortstatistiken
Bundesland Einwohnerzahl Stadt % Korrekt
Bayern 510.632 Nürnberg
99%
Nordrhein-Westfalen 152.731 Neuss
69%
Mecklenburg-Vorpommern 63.043 Neubrandenburg
65%
Schleswig-Holstein 15.288 Neustadt (Holstein)
63%
Thüringen 9.022 Neustadt (Orla)
63%
Niedersachsen 44.796 Neustadt (Rübenberge)
63%
Sachsen 11.823 Neustadt (Sachsen)
63%
Rheinland-Pfalz 53.491 Neustadt (Weinstraße)
63%
Schleswig-Holstein 79.496 Neumünster
57%
Saarland 46.098 Neunkirchen
55%
Baden-Württemberg 40.885 Nürtingen
53%
Sachsen-Anhalt 31.815 Naumburg (Saale)
51%
Thüringen 40.563 Nordhausen
50%
Rheinland-Pfalz 65.137 Neuwied
40%
Bayern 59.814 Neu-Ulm
35%
Niedersachsen 31.570 Nienburg (Weser)
35%
Schleswig-Holstein 80.420 Norderstedt
35%
Niedersachsen 54.162 Nordhorn
35%
Bayern 40.247 Neumarkt (Oberpfalz)
30%
Mecklenburg-Vorpommern 20.103 Neustrelitz
28%
Brandenburg 31.002 Neuruppin
25%
Baden-Württemberg 26.292 Neckarsulm
20%
Nordrhein-Westfalen 42.508 Nettetal
18%
Hessen 38.532 Neu-Isenburg
17%
Hessen 17.314 Nidda
17%
Brandenburg 18.854 Nauen
16%
Thüringen 8.778 Neuhaus (Rennweg)
16%
Baden-Württemberg 22.635 Nagold
14%
Hessen 20.539 Nidderau
9%
Nordrhein-Westfalen 38.694 Niederkassel
8%
Rheinland-Pfalz 10.348 Nieder-Olm
8%
Sachsen 9.130 Niesky
6%
Saarland 9.826 Nohfelden
6%
Brandenburg 18.941 Neuenhagen (b. Berlin)
4%
Sachsen 10.446 Nossen
4%
Saarland 9.079 Nalbach
2%
Mecklenburg-Vorpommern 6.969 Neustadt-Glewe
2%
Sachsen-Anhalt 7.037 Niedere Börde
1%
Sachsen-Anhalt 7.783 Nordharz
0%
Keine übereinstimmenden Quizze gefunden
Verteilung der Resultate
Anzahl Personen mit jedem Resultat
Perzentil nach korrekt beantworteten Fragen
Ihre Resultats-Entwicklung
Sie haben dieses Quiz noch nicht gespielt